| 000 | 00949nam a2200265 4500 | ||
|---|---|---|---|
| 001 | 114160 | ||
| 003 | DR-UNIBE | ||
| 005 | 20251015163519.0 | ||
| 008 | 251015b |||||||| |||| 00| 0 spa d | ||
| 040 |
_aBiblioteca UNIBE _cBiblioteca UNIBE _erda |
||
| 041 | _aspa | ||
| 110 | 1 | 0 |
_aListín Diario _9145523 _eautor |
| 245 | 1 | 3 |
_aAl compás : _crevista para niños y niñas |
| 260 |
_aSanto Domingo : _bListín Diarío, _c2008 |
||
| 362 | _a10 de enero 2008 | ||
| 653 | 7 | _aRevistas infantiles y juveniles dominicanas | |
| 700 | 1 | 0 |
_aRivera, Rosanna _9199828 _edirector de revista y comunicaciones |
| 700 | 1 | 0 |
_aVeras, Lissette _9199829 _eeditor |
| 700 | 1 | 0 |
_aJáquez, Yasilis _9199830 _ecoordinador de revistas |
| 700 | 1 | 0 |
_aMatos, María Isabel _9199831 _eredactor |
| 700 | 1 | 0 |
_aFreites, Sofía _924673 _eredactor |
| 700 | 1 | 0 |
_aMieses Lora, Susana _9199832 _ediseñador |
| 700 | 1 | 0 |
_aAbreu, Mayobanex _9199833 _ediseñador de portada |
| 942 |
_2ddc _cCR |
||
| 999 |
_c114160 _d114160 |
||